10 to 1 American Literature Quiz Stats

 Plays Quiz Updated Jun 26, 2017

Support Sporcle.
Go Orange.
Score 0/55 Timer 08:00
5 Plays Today
% Correct
Carrie
92.2%
The Shining
90.5%
It
87.5%
Pet Sematary
86.8%
The Da Vinci Code
85.3%
The Grapes of Wrath
85.1%
Cujo
84.2%
The Great Gatsby
84%
Of Mice and Men
83.8%
Angels and Demons
83.8%
Misery
82.4%
The Catcher in the Rye
81.7%
The Old Man and the Sea
77.2%
The Hunger Games
76.7%
Salem's Lot
76.3%
A Farewell to Arms
75.9%
Christine
75.6%
Mockingjay
73.3%
East of Eden
72.9%
Catching Fire
72.7%
The Dead Zone
71.9%
For Whom the Bell Tolls
71.1%
The Stand
66.8%
The Sound and the Fury
66.8%
The Lost Symbol
66.2%
The Sun Also Rises
64.7%
As I Lay Dying
63.5%
Cannery Row
62.9%
% Correct
The Cider House Rules
61.9%
Absalom, Absalom!
60.4%
A Prayer for Owen Meany
59.4%
Digital Fortress
58.5%
Inferno
57.8%
The World According to Garp
56.2%
Deception Point
56%
Tender Is the Night
52.6%
The Hotel New Hampshire
52.4%
Tortilla Flat
51.2%
The Last Tycoon
49.1%
The Red Pony
47.1%
The Pearl
46.9%
My Antonia
46%
The Beautiful and Damned
46%
A Widow for One Year
45%
This Side of Paradise
44.5%
O Pioneers!
43.1%
Light in August
41.8%
Go Down, Moses
41.5%
The Winter of Our Discontent
38.3%
Setting Free the Bears
34.2%
Intruder in the Dust
28.8%
The Reivers
26.3%
Sanctuary
23.1%
In One Person
21.7%
In Dubious Battle
18.1%

You're not logged in!

Compare scores with friends on all Sporcle quizzes.
OR
Log In
Forgot?

From the Vault

Origami Animals

by gris379

Will you get all the answers right, or will you fold?
Remove Ads.
Support Sporcle.
Get the best of Sporcle when you Go Orange. This ad-free experience offers more features, more stats, and more fun while also helping to support Sporcle. Thank you for becoming a member.

Show Comments

Extras

Top Quizzes Today


Score Distribution

Your Account Isn't Verified!

In order to create a playlist on Sporcle, you need to verify the email address you used during registration. Go to your Sporcle Settings to finish the process.

Report this User

Report this user for behavior that violates our Community Guidelines.

Details: